Purchasing and supply management : (Record no. 9681)
[ view plain ]
| 000 -LEADER | |
|---|---|
| fixed length control field | 01162cam a22003255a 4500 |
| 008 - FIXED-LENGTH DATA ELEMENTS--GENERAL INFORMATION | |
| fixed length control field | 150813s1996 xxua|||frb||| 001 0 eng d |
| 010 ## - LIBRARY OF CONGRESS CONTROL NUMBER | |
| LC control number | 95036200 |
| 020 ## - INTERNATIONAL STANDARD BOOK NUMBER | |
| International Standard Book Number | 0070370893 : |
| 020 ## - INTERNATIONAL STANDARD BOOK NUMBER | |
| International Standard Book Number | 0071141448 : |
| 020 ## - INTERNATIONAL STANDARD BOOK NUMBER | |
| International Standard Book Number | 9780071141383 |
| 040 ## - CATALOGING SOURCE | |
| Language of cataloging | eng |
| Modifying agency | EG-ScBUE |
| 082 04 - DEWEY DECIMAL CLASSIFICATION NUMBER | |
| Classification number | 658.7 |
| Item number | DOB |
| Edition number | 22 |
| 100 1# - MAIN ENTRY--PERSONAL NAME | |
| Personal name | Dobler, Donald W. |
| 245 10 - TITLE STATEMENT | |
| Title | Purchasing and supply management : |
| Remainder of title | text and cases / |
| Statement of responsibility, etc | Donald W. Dobler, David N. Burt. |
| 250 ## - EDITION STATEMENT | |
| Edition statement | 6th ed., international ed. |
| 260 ## - PUBLICATION, DISTRIBUTION, ETC. (IMPRINT) | |
| Place of publication, distribution, etc | New York : |
| Name of publisher, distributor, etc | McGraw-Hill, |
| Date of publication, distribution, etc | c.1996. |
| 300 ## - PHYSICAL DESCRIPTION | |
| Extent | xxi, 963 p. : |
| Other physical details | ill.(some col.) ; |
| Dimensions | 24 cm. |
| 490 ## - Series Statement | |
| Series statement | McGraw-Hill series in management. |
| 500 ## - GENERAL NOTE | |
| General note | Index : p. 941-963. |
| 504 ## - BIBLIOGRAPHY, ETC. NOTE | |
| Bibliography, etc | Includes bibliographical references . |
| 590 ## - LOCAL NOTE (RLIN) | |
| Local note | doaa mohamed |
| 650 #0 - SUBJECT ADDED ENTRY--TOPICAL TERM | |
| Topical term or geographic name as entry element | Industrial procurement. |
| Source of heading or term | BUEsh |
| 9 (RLIN) | 31015 |
| 650 #0 - SUBJECT ADDED ENTRY--TOPICAL TERM | |
| Topical term or geographic name as entry element | Purchasing. |
| Source of heading or term | BUEsh |
| 650 #0 - SUBJECT ADDED ENTRY--TOPICAL TERM | |
| Topical term or geographic name as entry element | Materials management. |
| Source of heading or term | BUEsh |
| 9 (RLIN) | 31016 |
| 651 ## - SUBJECT ADDED ENTRY--GEOGRAPHIC NAME | |
| Source of heading or term | BUEsh |
| 700 1# - ADDED ENTRY--PERSONAL NAME | |
| Personal name | Burt, David N. |
| 856 42 - ELECTRONIC LOCATION AND ACCESS | |
| Materials specified | Publisher description |
| Uniform Resource Identifier | <a href="http://www.loc.gov/catdir/description/mh022/95036200.html">http://www.loc.gov/catdir/description/mh022/95036200.html</a> |
| 856 42 - ELECTRONIC LOCATION AND ACCESS | |
| Materials specified | Table of contents |
| Uniform Resource Identifier | <a href="http://www.loc.gov/catdir/toc/mh022/95036200.html">http://www.loc.gov/catdir/toc/mh022/95036200.html</a> |
| 942 ## - ADDED ENTRY ELEMENTS (KOHA) | |
| Item type | Book - Borrowing |
| Call number prefix | 658.7D654 |
| Source of classification or shelving scheme | Dewey Decimal Classification |
| Withdrawn status | Item status | Materials specified (bound volume or other part) | Damaged status | Not for loan | Home library | Current library | Shelving location | Date acquired | Source of acquisition | Total Checkouts | Full call number | Barcode | Date last seen | Date last borrowed | Koha item type | Total Renewals | Source of classification or shelving scheme | Cost, replacement price |
|---|---|---|---|---|---|---|---|---|---|---|---|---|---|---|---|---|---|---|
| Lost | Lost In Inventory_2005-2015/8/22 | Central Library | Central Library | First floor | 28/05/2008 | Purchase | 1 | 658.7 DOB | 0000000245 | 14/06/2010 | 09/08/2009 | Book - Borrowing | ||||||
| Central Library | Central Library | First floor | 07/08/2007 | Purchase | 658.7 DOB | 000005116 | 15/07/2025 | Book - Borrowing | ||||||||||
| Central Library | Central Library | First floor | 07/09/2010 | Purchase | 1 | 658.7 DOB | 000005707 | 15/07/2025 | 26/10/2017 | Book - Borrowing | 4 | |||||||
| Central Library | Central Library | First floor | 07/09/2010 | Purchase | 658.7 DOB | 000005710 | 15/07/2025 | Book - Borrowing | ||||||||||
| Central Library | Central Library | First floor | 28/05/2008 | Purchase | 658.7 DOB | 000010963 | 15/07/2025 | Book - Borrowing | Dewey Decimal Classification | |||||||||
| Central Library | Central Library | First floor | 28/05/2008 | Purchase | 1 | 658.7 DOB | 000011703 | 15/07/2025 | 02/04/2017 | Book - Borrowing | 7 | Dewey Decimal Classification | 92.00 |